Good English words & expressions

Bibliographic Details
Format: Book
Published: Selangor : Eddiplex Sdn. Bhd , 2009
Subjects:

MARC

LEADER 00000cam a2200000 7i4500
001 0000037152
005 20130820.0
008 130820
020 |a 9838808101 
090 0 0 |a 428.2   |b GOO 
245 1 0 |a Good English words & expressions 
260 |a Selangor :   |b Eddiplex Sdn. Bhd ,   |c 2009 
650 0 |a English language grammar 
650 0 |a English language usage 
999 |a 0000836515   |b Book   |c Adult Collection   |e Cawangan Muar 
999 |a 0000877729   |b Book   |c Adult Collection   |e Cawangan Muar 
999 |a 0001238340   |b Book   |c Adult Collection   |e Cawangan Bandar Tenggara 
999 |a 0001238342   |b Book   |c Adult Collection   |e Cawangan Segamat 
999 |a 0001238343   |b Book   |c Adult Collection   |e Cawangan Bandar Penawar 
999 |a 0001238349   |b Book   |c Adult Collection   |e Cawangan Pontian 
999 |a 0001238350   |b Book   |c Adult Collection   |e Cawangan Tmn. Ungku Tun Aminah 
999 |a 0001239397   |b Book   |c Adult Collection   |e Perbadanan Perpustakaan Awam Johor 
999 |a 0001239399   |b Book   |c Adult Collection   |e Perbadanan Perpustakaan Awam Johor 
999 |a 0001239400   |b Book   |c Adult Collection   |e Cawangan Tmn. Ungku Tun Aminah